| 000 | 01044nas a2200325 4500 | ||
|---|---|---|---|
| 001 | BR8002801 | ||
| 003 | BR-BrBNA | ||
| 005 | 20231205084317.0 | ||
| 007 | ta | ||
| 008 | 230509b bl.|||p| |||| 00| 00por d | ||
| 040 |
_aBR-BrBNA _bpor _cBiblioteca Nacional de Agricultura |
||
| 041 | _a(Pt) | ||
| 072 | _aP05; F00; E70 | ||
| 100 | 1 | _aMonte, H.L.M. | |
| 100 | 1 | _aGomes, L.F.A.M. | |
| 245 | 1 | _aExpansao otima de centros de mistura de alcool com gasolina, 1: Formulacao do modelo e projeto de aplicacao [Combustivel; Programa Nacional do Alcool; Rio de Janeiro; Brasil] | |
| 650 | _aRecurso energetico | ||
| 650 | _aProducao vegetal | ||
| 650 | _aComercializacao | ||
| 650 | _aAlcool | ||
| 650 | _aGasolina | ||
| 650 | _aCombustivel | ||
| 650 | _aMercado | ||
| 650 | _aAbastecimento | ||
| 650 | _aPolitica de abastecimento | ||
| 650 | _aRio de Janeiro | ||
| 773 | 0 |
_tBrasil Acucareiro (Brazil) _xISSN 0006-9167 _g(Dec 1980), v. 96(6) p. 41-47 _wBR8002801 |
|
| 909 |
_a202311 _bLúcia _c55 _dLúcia Elande |
||
| 942 |
_2AGRIS _n0 _cANA |
||
| 999 |
_c104422 _d104422 |
||